| 000 | 02305nam a22002777a 4500 | ||
|---|---|---|---|
| 003 | URS | ||
| 005 | 20260120093839.0 | ||
| 008 | 250728b |||||||| |||| 00| 0 eng d | ||
| 100 |
_aCruz, Alicia Mae _eresearcher |
||
| 245 |
_aRevenue center practices of barangays in mainland Binangonan Rizal: an assessment/ _bAlicia Mae Cruz. |
||
| 260 | _c2025 | ||
| 300 |
_axii, 98 leaves; _c28 cm. |
||
| 336 |
_2rdacontent _atext |
||
| 337 |
_2rdamedia _aunmediated |
||
| 338 |
_2rdacarrier _avolume |
||
| 502 |
_aUndergraduate Thesis _bBachelor of Science in Business Administration Major in Financial Management _cUniversity of Rizal System Binangonan _d2025 |
||
| 520 | _a"This study examines the revenue generation practices of barangays in Mainland Binangonan, Rizal. It aims to assess the sources of revenue, including taxation, public-private partnerships (PPP), service fees and charges, and grants and donations. The study analyzes the effectiveness of these revenue streams and the challenges faced by barangays in financial sustainability. Data were collected from barangay officials through a questionnaire and analyzed using statistical methods such as frequency distribution and one-way ANOVA. Findings reveal that public-private partnerships, taxation, and service fees are the most significant sources of revenue, while grants and donations play a secondary role. Challenges such as environmental constraints, dependency on the Internal Revenue Allotment (IRA), and inefficient tax collection were identified as key barriers to financial stability. The study concludes that improving tax enforcement, enhancing transparency in PPP agreements, and strengthening donor engagement are essential for optimizing revenue generation practices. Keywords: Barangay Revenue Generation, Taxation, Public-Private Partnerships, Service Fees, Grants and Donations " | ||
| 690 | _aUN SDG 16 | ||
| 700 |
_aBilly M. Ines _eAdviser |
||
| 700 |
_aJasmine Camille Teczon _eresearcher |
||
| 700 |
_aValerie Jane Vasquez _eresearcher |
||
| 700 |
_aNathalie Marie Villafe _eresearcher |
||
| 856 |
_3Online Request for Student Unpublished Works _uhttps://forms.gle/7LqvGGkaDrUQqz429 |
||
| 856 | _uhttps://drive.google.com/file/d/1yCwsZrcNSp5MIAW79_QYxea6AI1tuyJV/view?usp=drive_link | ||
| 942 |
_2lcc _cT |
||
| 999 |
_c83777 _d83776 |
||